| 000 | 00399nam a2200157Ia 4500 | ||
|---|---|---|---|
| 005 | 20250929103225.0 | ||
| 008 | 231207s9999 xx 000 0 und d | ||
| 020 | _a8129108577 | ||
| 040 | _cPK-LaNCA | ||
| 082 |
_aMUS 780.92 _bMIS |
||
| 100 | _aMishra, Yatindra | ||
| 245 | 0 | _aGirija: a journey through thumri | |
| 260 |
_bRupa and Co. _aNew Delhi _c2006 |
||
| 300 | _a115p.; ills | ||
| 942 | _cMUSIC | ||
| 999 |
_c26524 _d26524 |
||